Dialoghi italiani divisi in 130. lezioni | Разговоры италиянские разделенные на 130 уроков (Запись № 9686613)

Подробности
000 -МАРКЕР
контрольное поле 02954nam0a22004691 4500
001 - ИДЕНТИФИКАТОР ЗАПИСИ
контрольное поле RU\NLR\A1\22496
005 - ИДЕНТИФИКАТОР ВЕРСИИ
контрольное поле 20251203152403.2
035 ## - ДРУГИЕ СИСТЕМНЫЕ НОМЕРА
Идентификатор записи (NLR Aleph) 009676957
100 ## - ДАННЫЕ ОБЩЕЙ ОБРАБОТКИ
Данные общей обработки 19980916d1790 a y0rusy50 ca
101 0# - ЯЗЫК РЕСУРСА
Язык текста, звукозаписи и т.д. русский
-- итальянский
-- русский
Язык основного заглавия итальянский
102 ## - СТРАНА ПУБЛИКАЦИИ ИЛИ ПРОИЗВОДСТВА
Страна публикации российская федерация
135 ## - ПОЛЕ КОДИРОВАННЫХ ДАННЫХ: ЭЛЕКТРОННЫЕ РЕСУРСЫ
Кодированные данные для электронного ресурса crcn 024anaba
200 1# - ЗАГЛАВИЕ И СВЕДЕНИЯ ОБ ОТВЕТСТВЕННОСТИ
Основное заглавие Dialoghi italiani divisi in 130. lezioni
Сведения, относящиеся к заглавию ad uso della Gloventù, e di tutti quelli che cominciano ad imparare la detta lirgua.
Первые сведения об ответственности Tradotti dal russo da L.B.
Последующие сведения об ответственности Rivedutti, e corretti da Giuseppe Galli.
Основное заглавие Разговоры италиянские разделенные на 130 уроков
Сведения, относящиеся к заглавию для употребления юношеству и всем начинающим учиться сему языку
Первые сведения об ответственности Переведенные с российскаго Л.Б.
Последующие сведения об ответственности Пересмотренныя и переплавленныя [!] Иосифом Галли
210 ## - ПУБЛИКАЦИЯ, РАСПРОСТРАНЕНИЕ И ДР.
Место издания, распространения и т.д. В Москве
Имя издателя, распространителя и т. д. печатана у Г.Вейса
Дата издания, распространения и т.д. 1790
215 ## - ФИЗИЧЕСКАЯ ХАРАКТЕРИСТИКА
Специфическое обозначение материала и объем VIII, 224 с.
Размеры 12°
303 ## - ОБЩИЕ ПРИМЕЧАНИЯ, ОТНОСЯЩИЕСЯ К ОПИСАТЕЛЬНОЙ ИНФОРМАЦИИ
Текст примечания Текст парал. на рус. и итал. яз.
316 ## - ПРИМЕЧАНИЯ ОБ ОСОБЕННОСТЯХ ЭКЗЕМПЛЯРА
Текст примечания Экз. РНБ (18.71.6.67) в составном картон. пер., оклеенном "мрамор." бумагой, с кожан. корешком и уголками. На корешке тисненый золотом орнамент и красная кожан. наклейка с вытисн. золотом надпись. "Разгово италиян" (позолота частично утрачена). Обрез тонированный желтый. На нижней крышке пер. экслибрис РНБ с шифром. На форзаце ярлык РНБ с шифром. На тит. л., с.33 и 224 круглый штамп ГПБ. Размер: 18х10,8х1,5 см
Организация и экземпляр, к которому относится поле NLR: 18.71.6.67
321 1# - ПРИМЕЧАНИЯ ОБ ОТДЕЛЬНО ИЗДАННЫХ УКАЗАТЕЛЯХ / РЕФЕРАТАХ / ССЫЛКАХ, ОТРАЖАЮЩИХ КАТАЛОГИЗИРУЕМЫЙ ДОКУМЕНТ
Примечания об указателях, рефератах, ссылках СК XVIII 5816
325 ## - ПРИМЕЧАНИЕ О КОПИИ
Текст примечания Копия доступна в Электрон. б-ке РНБ
620 ## - МЕСТО И ДАТА ПУБЛИКАЦИИ, ИСПОЛНЕНИЯ И Т. Д.
Город Москва
702 #1 - ИМЯ ЛИЦА - ВТОРИЧНАЯ ОТВЕТСТВЕННОСТЬ
Начальный элемент ввода Галли
Часть имени, кроме начального элемента ввода И.А.
Даты 1750-1832
Расширение инициалов личного имени Иосиф Андреевич
Код отношения Редактор
702 #0 - ИМЯ ЛИЦА - ВТОРИЧНАЯ ОТВЕТСТВЕННОСТЬ
Начальный элемент ввода Л.Б.
Код отношения Переводчик
702 #1 - ИМЯ ЛИЦА - ВТОРИЧНАЯ ОТВЕТСТВЕННОСТЬ
Начальный элемент ввода Вейс
Часть имени, кроме начального элемента ввода Г.
Расширение инициалов личного имени Григорий
Код отношения Печатник (типограф)
712 00 - НАИМЕНОВАНИЕ ОРГАНИЗАЦИИ - ВТОРИЧНАЯ ОТВЕТСТВЕННОСТЬ
Код отношения Печатник (типограф)
Начальный элемент ввода Вейс,
Идентифицирующий признак Москва
Инверсированный элемент Г.,
Часть наименования, отличная от начального элемента ввода и от инверсированного элемента типография
Системный номер авторитетной/нормативной записи 515723
Идентификатор авторитетной/нормативной записи RU\NLR\AUTH\880425594
801 #0 - ИСТОЧНИК ЗАПИСИ
Страна российская федерация
Организация NLR
Дата составления 19980916
852 ## - МЕСТОНАХОЖДЕНИЕ И ШИФР ХРАНЕНИЯ
Идентификатор организации NLR
Шифр хранения (Call Number) 18.71.6.67
856 #0 - МЕСТОНАХОЖДЕНИЕ ЭЛЕКТРОННЫХ РЕСУРОВ И ДОСТУП К НИМ
Универсальный идентификатор ресурса (Uniform Resource Identifier) http://vivaldi.nlr.ru/bx000018233/view
856 #1 - МЕСТОНАХОЖДЕНИЕ ЭЛЕКТРОННЫХ РЕСУРОВ И ДОСТУП К НИМ
Универсальный идентификатор ресурса (Uniform Resource Identifier) http://vivaldi.nlr.ru/bx000018233/cover
856 #2 - МЕСТОНАХОЖДЕНИЕ ЭЛЕКТРОННЫХ РЕСУРОВ И ДОСТУП К НИМ
Универсальный идентификатор ресурса (Uniform Resource Identifier) http://vivaldi.nlr.ru/bx000018233/text
899 ## - ДАННЫЕ О МЕСТОНАХОЖДЕНИИ (устаревшее)
Местонахождение РГБ
899 ## - ДАННЫЕ О МЕСТОНАХОЖДЕНИИ (устаревшее)
Местонахождение БАН
942 ## - ДОПОЛНИТЕЛЬНЫЕ ЭЛЕМЕНТЫ ЗАПИСИ (АБИС)
Тип экземпляра АБИС Книга
980 ## - КОЛЛЕКЦИЯ
Название коллекции Национальная библиография
980 3# - КОЛЛЕКЦИЯ
Название коллекции КП2019 Русская книга гражданского шрифта 18 - начала 19в.
980 3# - КОЛЛЕКЦИЯ
Название коллекции Книжные памятники РНБ
980 ## - КОЛЛЕКЦИЯ
Название коллекции Русская книга гражданской печати XVIII в. в библиотеках РФ
981 20 - КОЛЛЕКЦИЯ ЭЛЕКТРОННОЙ БИБЛИОТЕКИ
Название коллекции Книжные памятники РНБ
Название подколлекции Русский книжный фонд
Экземпляры
Тип экземпляра Дата поступления Библиотека постоянного хранения Библиотека текущего хранения Место хранения Шифр хранения Штрих-код Статус не для выдачи
Книга 13.05.2016 РНБ (Садовая) РНБ (Садовая) Русский книжный фонд -Главное здание, Ленинский читальный зал 18.71.6.67 9676957-10